[Event "Riadh Rapid op"]
[Site "Riadh"]
[Date "2023.03.18"]
[Round "7"]
[White "Alghamdi, Ahmed Mousa A"]
[Black "Elier, Ali"]
[Result "1-0"]
[WhiteElo "2107"]
[BlackElo "2176"]
[PlyCount "126"]
[EventDate "2023.03.17"]
[EventType "swiss (rapid)"]
[EventRounds "9"]
[EventCountry "SAU"]
[SourceTitle "CBM 213 Extra"]
[Source "ChessBase"]
[SourceDate "2023.05.31"]
[SourceVersion "1"]
[SourceVersionDate "2023.05.31"]
[SourceQuality "1"]

1. e4 e5 2. Nf3 Nc6 3. Bc4 Nf6 4. d3 Bc5 5. 0-0 d6 6. c3 Bg4 7. a4 a5 8. Nbd2 0-0 9. Re1 Qd7 10. Nf1 Rad8 11. h3 Be6 12. Bb3 d5 13. exd5 Bxd5 14. Nxe5 Qf5 15. d4 Bxb3 16. Qxb3 Ne4 17. Nf3 Bb6 18. Ne3 Qg6 19. Nd5 Rfe8 20. Nxb6 cxb6 21. Bf4 Qf5 22. Bc7 Rd7 23. Bxb6 Re6 24. Qb5 Rd5 25. Qd3 h6 26. c4 Nb4 27. Qb1 Rd7 28. d5 Re8 29. Bxa5 Na6 30. Qc2 Rde7 31. Bc3 Qc8 32. b3 g5 33. Nd4 Nc7 34. Bb4 Re5 35. f3 Nf6 36. Rxe5 Rxe5 37. Qd2 Na6 38. Bc3 Qe8 39. Re1 Nh5 40. Rxe5 Qxe5 41. Ne2 Qd6 42. Qd4 f6 43. Qe3 Kf7 44. Bd4 Ng7 45. Qe4 Nc7 46. Nc3 Qb4 47. d6 Qxd6 48. Nb5 Nxb5 49. axb5 Qd7 50. b4 Ne6 51. Be3 Qd1+ 52. Kh2 Qd6+ 53. g3 b6 54. Qd5 Qxd5 55. cxd5 Nc7 56. Bxb6 Nxb5 57. Bc5 Ke8 58. Kg2 Kd7 59. Kf2 Nc3 60. d6 Kc6 61. Ke3 f5 62. Kd4 Ne2+ 63. Ke5 Kd7 1-0

[Event "Wch Blitz"]
[Site "Almaty"]
[Date "2022.12.30"]
[Round "14"]
[White "Elier, Ali"]
[Black "Amangeldy, Ernur"]
[Result "1-0"]
[WhiteElo "2173"]
[BlackElo "2023"]
[PlyCount "104"]
[EventDate "2022.12.29"]
[EventType "swiss (blitz)"]
[EventRounds "21"]
[EventCountry "KAZ"]
[SourceTitle "CBM 212"]
[Source "ChessBase"]
[SourceDate "2023.02.28"]
[SourceVersion "1"]
[SourceVersionDate "2023.02.28"]
[SourceQuality "1"]

1. e4 e5 2. Nf3 Nc6 3. Bc4 Bc5 4. b4 Bxb4 5. c3 Be7 6. d4 Na5 7. Be2 d6 8. 0-0 Nf6 9. Nbd2 0-0 10. dxe5 dxe5 11. Nxe5 Be6 12. f4 Qd6 13. Kh1 Rad8 14. Qc2 g6 15. Ndf3 Nc6 16. a4 Nb8 17. Ba3 c5 18. Rab1 b6 19. a5 Qc7 20. axb6 axb6 21. c4 Nc6 22. Bb2 Nd4 23. Nxd4 cxd4 24. Qd3 Rfe8 25. Rbd1 Bc5 26. Qf3 Bc8 27. Bd3 Kg7 28. Rde1 Bb7 29. h3 Rxe5 30. fxe5 Qxe5 31. Bc1 Bd6 32. Bf4 Qxf4 33. Qxf4 Bxf4 34. Rxf4 Nd7 35. Rf2 Ne5 36. Rd2 Rd6 37. Kg1 Ba6 38. Red1 Kf6 39. Kf2 Ke6 40. Be2 Nc6 41. Rb2 Ne5 42. Rbd2 Nc6 43. c5 Bxe2 44. cxd6 Bxd1 45. Rxd1 Kxd6 46. Ke2 b5 47. Kd3 b4 48. Rc1 f6 49. Kc4 Ke5 50. Ra1 Nd8 51. Ra8 Ne6 52. Re8 Kd6 1-0

[Event "Wch Rapid"]
[Site "Almaty"]
[Date "2022.12.27"]
[Round "6"]
[White "Elier, Ali"]
[Black "Everett, Elijah David"]
[Result "1-0"]
[WhiteElo "2188"]
[BlackElo "2125"]
[PlyCount "75"]
[EventDate "2022.12.26"]
[EventType "swiss (rapid)"]
[EventRounds "13"]
[EventCountry "KAZ"]
[SourceTitle "CBM 212"]
[Source "ChessBase"]
[SourceDate "2023.02.28"]
[SourceVersion "1"]
[SourceVersionDate "2023.02.28"]
[SourceQuality "1"]

1. e4 c5 2. d4 cxd4 3. c3 Nf6 4. e5 Nd5 5. Nf3 e6 6. cxd4 d6 7. a3 Bd7 8. Bd3 Bc6 9. 0-0 Nd7 10. Qe2 Be7 11. Bd2 Rc8 12. Nc3 dxe5 13. dxe5 0-0 14. Rad1 a6 15. Bb1 Nxc3 16. Bxc3 Bb5 17. Qe4 g6 18. Rfe1 Bxa3 19. Qxb7 Bc5 20. Qe4 Bc6 21. Qg4 Qe7 22. Ng5 Rfd8 23. Rd3 Nf8 24. Rh3 Qa7 25. Qh4 Bd4 26. Bb4 h5 27. Qg3 Rb8 28. Bc3 Bxc3 29. bxc3 Rb2 30. Rxh5 Rdd2 31. Nh3 Re2 32. Rf1 Bb5 33. Rh4 Qc5 34. c4 Bxc4 35. Qc3 Rb4 36. Bd3 Re3 37. fxe3 Qxe3+ 38. Nf2 1-0

[Event "Wch Rapid"]
[Site "Almaty"]
[Date "2022.12.26"]
[Round "4"]
[White "Elier, Ali"]
[Black "Saraci, Nderim"]
[Result "0-1"]
[WhiteElo "2188"]
[BlackElo "2441"]
[PlyCount "73"]
[EventDate "2022.12.26"]
[EventType "swiss (rapid)"]
[EventRounds "13"]
[EventCountry "KAZ"]
[SourceTitle "CBM 212"]
[Source "ChessBase"]
[SourceDate "2023.02.28"]
[SourceVersion "1"]
[SourceVersionDate "2023.02.28"]
[SourceQuality "1"]

1. d4 Nf6 2. c4 e6 3. Nc3 Bb4 4. e3 0-0 5. Bd3 c5 6. a3 Bxc3+ 7. bxc3 Nc6 8. Ne2 b6 9. e4 Ne8 10. 0-0 Ba6 11. f4 f5 12. exf5 exf5 13. Be3 Qe7 14. Bf2 d6 15. Qa4 Bb7 16. Rfe1 Qf6 17. Ng3 g6 18. Be2 Na5 19. Rad1 Bc6 20. Qc2 Nc7 21. Rd2 Rad8 22. Red1 Nb7 23. Qd3 Ba4 24. Rb1 Na5 25. Nf1 Rfe8 26. Qh3 Nb3 27. Bh4 Qg7 28. Rdb2 Rc8 29. Bd1 Nxd4 30. Bxa4 Ne2+ 31. Kh1 Nxf4 32. Qf3 Re4 33. Nd2 Qe5 34. Bg3 Nce6 35. Nxe4 fxe4 36. Qe3 g5 37. Re1 0-1

[Event "Wch Rapid"]
[Site "Almaty"]
[Date "2022.12.26"]
[Round "1"]
[White "Indjic, Aleksandar"]
[Black "Elier, Ali"]
[Result "1-0"]
[WhiteElo "2547"]
[BlackElo "2188"]
[PlyCount "69"]
[EventDate "2022.12.26"]
[EventType "swiss (rapid)"]
[EventRounds "13"]
[EventCountry "KAZ"]
[SourceTitle "CBM 212"]
[Source "ChessBase"]
[SourceDate "2023.02.28"]
[SourceVersion "1"]
[SourceVersionDate "2023.02.28"]
[SourceQuality "1"]

1. d4 d5 2. c4 e6 3. Nf3 Nf6 4. Nc3 c5 5. e3 a6 6. cxd5 exd5 7. g3 Nc6 8. Bg2 Be6 9. 0-0 Be7 10. b3 0-0 11. dxc5 Bxc5 12. Bb2 Ba7 13. Ne2 Rc8 14. Nf4 Ne4 15. Rc1 Qa5 16. a3 Rfd8 17. b4 Qb5 18. Re1 a5 19. Bf1 Qb6 20. b5 Bb8 21. Rc2 Bxf4 22. exf4 Ne7 23. Nd4 Rxc2 24. Qxc2 Rc8 25. Qd1 Nf5 26. g4 Nxd4 27. Bxd4 Qd6 28. f3 Nc3 29. Qd2 Qxa3 30. f5 Bd7 31. f6 g6 32. Re7 Qb4 33. Bxc3 Rxc3 34. Rxd7 Rc8 35. Qxb4 1-0

[Event "GER-ch Rapid 48th"]
[Site "Goettingen"]
[Date "2022.09.25"]
[Round "7"]
[White "Schenderowitsch, Michael"]
[Black "Elier, Ali"]
[Result "0-1"]
[WhiteElo "2292"]
[BlackElo "2164"]
[PlyCount "104"]
[EventDate "2022.09.24"]
[EventType "swiss (rapid)"]
[EventRounds "9"]
[EventCountry "GER"]
[SourceTitle "CBM 210 Extra"]
[Source "ChessBase"]
[SourceDate "2022.11.30"]
[SourceVersion "1"]
[SourceVersionDate "2022.11.30"]
[SourceQuality "1"]

1. d4 d5 2. c4 e6 3. Nc3 c5 4. cxd5 cxd4 5. Qa4+ Bd7 6. Qxd4 exd5 7. Qxd5 Nc6 8. Qd1 Nf6 9. Nf3 Bc5 10. e3 Qe7 11. Be2 0-0-0 12. 0-0 g5 13. b4 Bxb4 14. Qb3 Kb8 15. Rb1 Bf5 16. Rb2 g4 17. Nd4 Nxd4 18. exd4 Bxc3 19. Qxc3 Nd5 20. Qb3 Ka8 21. Bc4 Be6 22. Bg5 f6 23. Bd2 Qf7 24. Rfb1 Rd7 25. Re1 Rhd8 26. Ba5 Rc8 27. Rbe2 Bf5 28. Bb5 Nf4 29. Rd2 Qxb3 30. axb3 Rd5 31. Bc4 Rxa5 32. d5 Rd8 33. d6 Re5 34. Red1 b5 35. Bf1 Kb7 36. g3 Nh3+ 37. Bxh3 gxh3 38. f3 Re3 39. g4 Be6 40. Kf2 Rxb3 41. Re1 Bd7 42. Re7 Kb6 43. Rc2 Rd3 44. Rxh7 Rxd6 45. Rxh3 a5 46. Rh6 b4 47. g5 b3 48. Rb2 a4 49. g6 Be6 50. g7 a3 51. Re2 b2 52. Rh8 Bg8 0-1

[Event "GER-chT U20"]
[Site "Kiel"]
[Date "2022.07.24"]
[Round "3.2"]
[White "Elier, Ali"]
[Black "Eurich, Jannik"]
[Result "1/2-1/2"]
[WhiteElo "2144"]
[BlackElo "1957"]
[PlyCount "57"]
[EventDate "2022.07.22"]
[EventType "team-swiss"]
[EventRounds "7"]
[EventCountry "GER"]
[SourceTitle "CBM 209 Extra"]
[Source "ChessBase"]
[SourceDate "2022.09.30"]
[SourceVersion "1"]
[SourceVersionDate "2022.09.30"]
[SourceQuality "1"]
[WhiteTeam "Brackel"]
[BlackTeam "Langen"]
[WhiteTeamCountry "GER"]
[BlackTeamCountry "GER"]

1. e4 c5 2. d4 cxd4 3. c3 Nf6 4. e5 Nd5 5. Nf3 Nc6 6. Bc4 Nb6 7. Bb3 d5 8. exd6 Qxd6 9. 0-0 Be6 10. Bxe6 Qxe6 11. Nxd4 Nxd4 12. Qxd4 Rd8 13. Qb4 g6 14. Be3 Bg7 15. Bxb6 Qxb6 16. Qxb6 axb6 17. a4 0-0 18. Na3 Ra8 19. Nb5 Rfd8 20. b3 Rd2 21. Rfe1 e5 22. Kf1 Rad8 23. Re2 Rd1+ 24. Rxd1 Rxd1+ 25. Re1 Rd2 26. Re2 Rd1+ 27. Re1 Rd2 28. Re2 Rd1+ 29. Re1 1/2-1/2

[Event "Wch Blitz"]
[Site "Warsaw"]
[Date "2021.12.30"]
[Round "19"]
[White "Blanco Acevedo, Cristobal Jose"]
[Black "Elier, Ali"]
[Result "1-0"]
[WhiteElo "2304"]
[BlackElo "2103"]
[PlyCount "119"]
[EventDate "2021.12.29"]
[EventType "swiss (blitz)"]
[EventRounds "21"]
[EventCountry "POL"]
[SourceTitle "CBM 205 Extra"]
[Source "ChessBase"]
[SourceDate "2022.01.31"]
[SourceVersion "1"]
[SourceVersionDate "2022.01.31"]
[SourceQuality "1"]

1. e4 e5 2. Nf3 Nc6 3. Nc3 Nf6 4. g3 Bc5 5. Bg2 d6 6. d3 h5 7. h3 Be6 8. Bg5 Qd7 9. Na4 Bb6 10. Nxb6 axb6 11. c4 Ng8 12. a3 Nge7 13. Qd2 Na5 14. Rd1 Qa4 15. Bxe7 Kxe7 16. Qg5+ Kf8 17. 0-0 f6 18. Qe3 Qd7 19. Nh4 Kf7 20. Kh2 g5 21. Nf5 Bxf5 22. exf5 Qxf5 23. Bd5+ Kg7 24. f4 Rae8 25. fxg5 Qxg5 26. Qxg5+ fxg5 27. Rf7+ Kh6 28. Rdf1 Rhg8 29. Rxc7 Rg7 30. Rf6+ Kh7 31. Be4+ Kg8 32. Rxg7+ Kxg7 33. Rg6+ Kf7 34. Rxg5 Rh8 35. Kg2 Kf6 36. Rg6+ Ke7 37. Bd5 Rh7 38. Be4 Rh8 39. Rg7+ Kf6 40. Rh7 Rxh7 41. Bxh7 Nb3 42. Be4 Nc5 43. Kf3 Kg5 44. h4+ Kf6 45. g4 hxg4+ 46. Kxg4 Na4 47. b4 Nc3 48. Bxb7 Nb1 49. a4 Na3 50. a5 bxa5 51. bxa5 Nc2 52. a6 Ne3+ 53. Kf3 Nf5 54. a7 Nxh4+ 55. Kg4 Ng6 56. a8Q Kg7 57. Be4 Ne7 58. Qe8 Ng8 59. Qg6+ Kf8 60. Bd5 1-0

[Event "Wch Blitz"]
[Site "Warsaw"]
[Date "2021.12.30"]
[Round "16"]
[White "Elier, Ali"]
[Black "Gluszko, Tomasz"]
[Result "0-1"]
[WhiteElo "2103"]
[BlackElo "2192"]
[PlyCount "86"]
[EventDate "2021.12.29"]
[EventType "swiss (blitz)"]
[EventRounds "21"]
[EventCountry "POL"]
[SourceTitle "CBM 205 Extra"]
[Source "ChessBase"]
[SourceDate "2022.01.31"]
[SourceVersion "1"]
[SourceVersionDate "2022.01.31"]
[SourceQuality "1"]

1. e4 c6 2. d4 d5 3. Nc3 dxe4 4. Nxe4 Nf6 5. Nxf6+ exf6 6. Bc4 Bd6 7. Qe2+ Qe7 8. Be3 0-0 9. 0-0-0 a5 10. Nh3 b5 11. Bd3 a4 12. Qf3 Be6 13. Rhe1 Qd7 14. Kb1 Bg4 15. Bxh7+ Kxh7 16. Qe4+ Qf5 17. Qxf5+ Bxf5 18. Ng1 Nd7 19. Ne2 Rfe8 20. Rg1 Be6 21. g4 Bd5 22. Nc3 Bf3 23. Rde1 b4 24. Nd1 Nb6 25. b3 Nd5 26. Bd2 axb3 27. axb3 g5 28. Ne3 Nxe3 29. fxe3 Be4 30. Rgf1 Kg6 31. Rf2 Ra3 32. Ref1 Re6 33. Bc1 Rxb3+ 34. Ka2 Rc3 35. Kb2 Be7 36. h4 gxh4 37. Rh2 c5 38. dxc5 Bxc5 39. Re2 Bd6 40. Kb1 Be5 41. Rff2 Ra6 42. Rd2 Rxe3 43. Rd8 Ra1# 0-1

[Event "Wch Blitz"]
[Site "Warsaw"]
[Date "2021.12.30"]
[Round "17"]
[White "Laith, Kasib"]
[Black "Elier, Ali"]
[Result "0-1"]
[WhiteElo "2009"]
[BlackElo "2103"]
[PlyCount "66"]
[EventDate "2021.12.29"]
[EventType "swiss (blitz)"]
[EventRounds "21"]
[EventCountry "POL"]
[SourceTitle "CBM 205 Extra"]
[Source "ChessBase"]
[SourceDate "2022.01.31"]
[SourceVersion "1"]
[SourceVersionDate "2022.01.31"]
[SourceQuality "1"]

1. Nf3 Nf6 2. g3 g6 3. Bg2 Bg7 4. 0-0 d6 5. d3 0-0 6. e4 e5 7. a4 d5 8. exd5 Nxd5 9. Re1 Nc6 10. c3 Be6 11. Nbd2 h6 12. Ne4 Kh7 13. Nc5 Bc8 14. Qc2 Qd6 15. Ne4 Qd8 16. a5 a6 17. h3 Bf5 18. Nh4 Bc8 19. b4 f5 20. Nc5 Re8 21. Bd2 Qd6 22. d4 e4 23. Rad1 b6 24. axb6 cxb6 25. Nb3 Bb7 26. g4 Qf6 27. gxf5 Qxh4 28. fxg6+ Kh8 29. Rxe4 Rxe4 30. Bxe4 Qxh3 31. Bxd5 Nxd4 32. Qe4 Bxd5 33. Qxd5 Ne2# 0-1

[Event "Wch Blitz"]
[Site "Warsaw"]
[Date "2021.12.29"]
[Round "5"]
[White "Elier, Ali"]
[Black "Bellahcene, Bilel"]
[Result "1-0"]
[WhiteElo "2103"]
[BlackElo "2512"]
[PlyCount "95"]
[EventDate "2021.12.29"]
[EventType "swiss (blitz)"]
[EventRounds "21"]
[EventCountry "POL"]
[SourceTitle "CBM 205 Extra"]
[Source "ChessBase"]
[SourceDate "2022.01.31"]
[SourceVersion "1"]
[SourceVersionDate "2022.01.31"]
[SourceQuality "1"]

1. e4 c5 2. d4 cxd4 3. c3 dxc3 4. Nxc3 e6 5. Nf3 Nc6 6. Bc4 Bb4 7. 0-0 Nge7 8. Bg5 0-0 9. Bb3 h6 10. Be3 Bxc3 11. bxc3 d5 12. Qc2 Qc7 13. Rad1 Rd8 14. Bc1 Na5 15. Ba3 Nxb3 16. axb3 Ng6 17. Rfe1 b6 18. exd5 exd5 19. Qd3 Bg4 20. h3 Nf4 21. Qe3 Bxf3 22. Qxf3 Rac8 23. Re7 Rd7 24. Rxd7 Qxd7 25. Qxf4 Rxc3 26. Qb4 Rc2 27. Qd4 Qf5 28. Bb2 f6 29. Bc1 Qe4 30. Be3 Qxd4 31. Rxd4 Rb2 32. Ra4 Rxb3 33. Rxa7 b5 34. Rd7 Rd3 35. Rb7 Rb3 36. Kf1 Kh7 37. Ke2 Kg6 38. Rd7 Rb2+ 39. Kf3 b4 40. Rxd5 b3 41. Rb5 Rb1 42. h4 h5 43. Kg3 Kf7 44. Kf3 Kg6 45. Ke2 Kf7 46. g3 Kg6 47. Kd2 Kf7 48. Kc3 1-0

[Event "Wch Blitz"]
[Site "Warsaw"]
[Date "2021.12.29"]
[Round "2"]
[White "Elier, Ali"]
[Black "Suleymanli, Aydin Elshan"]
[Result "0-1"]
[WhiteElo "2103"]
[BlackElo "2537"]
[PlyCount "45"]
[EventDate "2021.12.29"]
[EventType "swiss (blitz)"]
[EventRounds "21"]
[EventCountry "POL"]
[SourceTitle "CBM 205 Extra"]
[Source "ChessBase"]
[SourceDate "2022.01.31"]
[SourceVersion "1"]
[SourceVersionDate "2022.01.31"]
[SourceQuality "1"]

1. e4 c6 2. Nc3 d5 3. d4 dxe4 4. Nxe4 Bf5 5. Nc5 b6 6. Nb3 e6 7. Nf3 Nd7 8. Bd3 Bg4 9. h3 Bh5 10. 0-0 Bd6 11. Re1 Ne7 12. Bg5 Qc7 13. c4 0-0 14. Rc1 c5 15. d5 f6 16. dxe6 Ne5 17. Bh4 Nxf3+ 18. gxf3 g5 19. Kh1 gxh4 20. Be4 Rad8 21. Rg1+ Kh8 22. Qc2 Be5 23. Nd2 0-1